000 00449nam a2200169Ia 4500
008 231217s9999 xx 000 0 und d
020 _a8181280733
041 _aEnglish
082 _a621.38415 HAN;2 R1
100 _aHansmann, UweMerk, LotharNicklous, Martin S etc
245 0 _aPrinciples of mobile computing
250 _a2nd ed.
260 _c2003
_bSpringer
_aNew York
300 _axx+448
650 _amobile,computing
942 _cAA
999 _c177993
_d177993